00530nam a22001697a 450000500170000001000150001702000270003203500140005903700090007308200150008210000200009724500980011725000060021526000310022127000800025230000280033220250114123401.0 aENG-143386 c3495.00a9789395116893 aEN-126918 bDBAD a346.540666 aKothari, Vinod 00aSecuritisation, Asset Reconstruction and Enforcement of Security Interests/cby Vinod Kothari a7 aGurgaonbLexis Nexisc2024 a14th Floor, Bldg. No.10, Tower-B, DLF Cyber City, Phase-IIbGurgaone122002 acxxxiv,1484p.c24cm(Hb)